000 00488nam a2200181 a 4500
001 1666
003 CO-ViMGA
008 141112s2004 ck r 000 u spa d
040 _aCO-ViMGA
_bspa
_cCO-ViMGA
082 0 4 _a823.8 W452c
100 1 _aWilde, Oscar
_94068
245 1 0 _aEl crimen de Lord Arthur Savile y otros relatos
260 _aSantafé de Bogotá :
_bSantillana,
_c1994
300 _a80p.
490 _aRelato corto aguilar, 3
650 1 4 _aNOVELA INGLESA
942 _2ddc
_cBK
999 _c13843
_d13843